000 00738nam a2200241 i 4500
001 bg
245 0 0 _aPoradnik hydromechanika i hydrotechnika /
_cpod red. Adama Kisiela ; [poradnik przygot. Adam Kisiel et al.] ; Politechnika Częstochowska.
260 _aCzęstochowa :
_bWydawnictwo PC,
_c2003.
300 _a187 s. :
_bil. ;
_c24 cm.
504 _aBibliogr.
650 9 _aHydrotechnika
650 9 _aMechanika płynów
655 _aPoradniki
700 1 _aKisiel, Adam Józef
_d(1952- ).
_eRed.
710 0 _aPolitechnika Częstochowska
020 _a8371932006
040 _cBPK
041 0 _apol
080 _a626/627:532](083.1)
920 _a83-7193-200-6
942 _cKS
008 s pl f |000 0 pol
999 _c43959
_d43959
856 _uhttp://koha.tu.koszalin.pl/cgi-bin/koha/opac-detail.pl?biblionumber=43959
_yKatalog online BPK